[Event "Moscow Open 2009 B"]
[Site "www.moscowchessopen.ru"]
[Date "2009.02.05"]
[Round "6.27"]
[White "Rozhkov, Vecheslav"]
[Black "Zavialov, Vladimir"]
[Result "1-0"]
[WhiteElo "2243"]
[BlackElo "2157"]
[Annotator ""]
[Source ""]
[Remark ""]

1.e4 c5 2.Nf3 Nc6 3.d4 cxd4 4.Nxd4 Nf6 5.Nc3 d6 6.g3 e5 7.Nde2
Be6 8.Bg2 Qd7 9.Nd5 Ne7 10.h3 Nexd5 11.exd5 Bf5 12.g4 Bg6 13.O-O
Be7 14.Ng3 Qc7 15.c3 Nd7 16.Be3 O-O 17.f4 exf4 18.Bxf4 Bf6 19.Qd2
Be5 20.Kh2 Bxf4 21.Rxf4 Ne5 22.Raf1 Qd7 23.Be4 Bxe4 24.Rxe4 f6
25.Nf5 Rae8 26.Qg2 Ng6 27.Re6 Rxe6 28.dxe6 Qxe6 29.Qxb7 Rf7 30.Qa8+
Nf8 31.Qf3 h6 32.b3 Rc7 33.c4 Rd7 34.Rd1 Qe5+ 35.Kh1 g6 36.Ng3
Kg7 37.Ne4 Ne6 38.Rd5 Qa1+ 39.Rd1 Qe5 40.Rd5 Qa1+ 41.Kg2 Qxa2+
42.Rd2 Qa1 43.Nxd6 Rc7 44.Ne8+ 1-0

[Event "Moscow Open 2009 B"]
[Site "www.moscowchessopen.ru"]
[Date "2009.02.05"]
[Round "6.28"]
[White "Sargissyan, Sargis"]
[Black "Melkonian, Vardan"]
[Result "0-1"]
[WhiteElo "2119"]
[BlackElo "2238"]
[Annotator ""]
[Source ""]
[Remark ""]

1.e4 d5 2.exd5 Qxd5 3.Nc3 Qa5 4.d4 Nf6 5.Nf3 c6 6.Ne5 Bf5 7.Bc4
e6 8.O-O Nbd7 9.Re1 Nxe5 10.dxe5 Ng4 11.Ne4 Qxe5 12.Ng3 Rd8 13.Qxd8+
Kxd8 14.Rxe5 Nxe5 15.Bb3 Bg6 16.Bf4 Bd6 17.Kf1 Kc7 18.Rd1 Rd8
19.h3 Nc4 20.Bg5 f6 21.Bxf6 gxf6 22.Bxc4 Bxg3 23.Rxd8 Kxd8 24.fxg3
Bxc2 25.Bxe6 Ke7 26.Bg8 Kd6 27.Kf2 Ke5 28.Ke3 Be4 29.h4 h6 30.a3
Bxg2 31.Bc4 c5 32.Bb3 b5 33.Bd1 c4 34.Be2 Bd5 35.Bh5 a5 36.Be8
b4 37.axb4 axb4 38.Bb5 Be6 39.Ba6 b3 40.Kd2 Kf5 41.Ke3 c3 42.bxc3
b2 43.Bd3+ Kg4 0-1

[Event "Moscow Open 2009 B"]
[Site "www.moscowchessopen.ru"]
[Date "2009.02.05"]
[Round "6.29"]
[White "Sakharov, Lev"]
[Black "Loginov, Anton"]
[Result "0-1"]
[WhiteElo "2057"]
[BlackElo "2232"]
[Annotator ""]
[Source ""]
[Remark ""]

1.d4 Nf6 2.Nf3 d5 3.c4 c6 4.Nc3 e6 5.cxd5 exd5 6.Bg5 Bf5 7.e3
Qb6 8.Qc1 Nbd7 9.Be2 Bd6 10.O-O h6 11.Bh4 O-O 12.Bg3 Bxg3 13.hxg3
Rfe8 14.Ne1 Qd8 15.Bd3 Ne4 16.Qc2 Qf6 17.Nf3 Nd6 18.b4 a6 19.a4
b5 20.Rfe1 Bxd3 21.Qxd3 Qe7 22.Nd2 Nc4 23.Rab1 Nxd2 24.Qxd2 Nb6
25.f3 Nc4 26.Qd3 Qg5 27.Kf2 f5 28.Re2 Re6 29.Rh1 Rae8 30.Nd1
bxa4 31.Rh4 Rg6 32.Rh3 a3 33.f4 Qf6 34.Rh5 Nd6 35.Rh3 Ne4+ 36.Kg1
Rxg3 37.Rxg3 Nxg3 38.Ra2 Qh4 39.Nf2 Qe7 40.Qxa6 Qxe3 41.Qxc6
Ne2+ 42.Kf1 Nxd4 43.Qxd5+ Kh8 0-1

[Event "Moscow Open 2009 B"]
[Site "www.moscowchessopen.ru"]
[Date "2009.02.05"]
[Round "6.30"]
[White "Mikhailov, Alexander B."]
[Black "Potyavin, Igor"]
[Result "1-0"]
[WhiteElo "2227"]
[BlackElo "2071"]
[Annotator ""]
[Source ""]
[Remark ""]

1.Nf3 Nf6 2.c4 c5 3.g3 b6 4.Bg2 Bb7 5.d4 cxd4 6.Qxd4 g6 7.O-O
Bg7 8.Nc3 O-O 9.Qf4 d6 10.Rb1 Nbd7 11.Rd1 a6 12.b3 Rc8 13.Bb2
Rc5 14.e4 Qa8 15.Nd5 Nxd5 16.exd5 e5 17.Qd2 Qb8 18.Ba3 Rcc8 19.Qb4
Rfd8 20.Qxd6 Qa8 21.Qb4 Bf8 22.Qa4 b5 23.Qa5 bxc4 24.bxc4 Bxa3
25.Qxa3 Re8 26.Qd6 Rcd8 27.Qc7 Bc8 28.Ng5 a5 29.c5 h6 30.Ne4
Qa6 31.c6 f5 32.Bf1 1-0

[Event "Moscow Open 2009 B"]
[Site "www.moscowchessopen.ru"]
[Date "2009.02.05"]
[Round "6.31"]
[White "Shmatkov, Mikhail"]
[Black "Grebennikov, Igor"]
[Result "0-1"]
[WhiteElo "2219"]
[BlackElo "1400"]
[Annotator ""]
[Source ""]
[Remark ""]

1.e4 d6 2.d4 Nf6 3.Nc3 g6 4.f4 Bg7 5.Nf3 c5 6.dxc5 Qa5 7.Bb5+
Bd7 8.Bxd7+ Nbxd7 9.O-O Qxc5+ 10.Kh1 O-O 11.Qe2 Rac8 12.Bd2 a6
13.Rad1 b5 14.e5 dxe5 15.fxe5 Ng4 16.e6 Nde5 17.Nxe5 Nxe5 18.exf7+
Nxf7 19.a3 Kh8 20.Rfe1 Ne5 21.Be3 Qc4 22.Bd4 Qxe2 23.Rxe2 Nc6
24.Bxg7+ Kxg7 25.h3 Rcd8 26.Rd5 Rxd5 27.Nxd5 Rf1+ 28.Kh2 Kf7
29.Nc7 Nb8 30.Ne6 h6 31.Nd4 Rb1 32.c3 e5 33.Rf2+ Ke7 34.Nf3 Nd7
35.Re2 Ke6 36.Kg3 Kd6 37.Nd2 Rd1 38.Ne4+ Ke6 39.Kf3 Rd3+ 40.Kf2
Rd1 41.Ke3 Rd5 42.Rf2 Rd1 43.Ke2 Rb1 44.Kd3 Re1 45.Nd2 Nc5+ 46.Kc2
e4 47.Nb3 Nxb3 48.Kxb3 e3 49.Rf8 Ke5 50.c4 Kd4 51.Rd8+ Ke4 52.cxb5
axb5 53.Rb8 Rc1 54.Rxb5 e2 55.Rb8 Rc5 0-1

[Event "Moscow Open 2009 B"]
[Site "www.moscowchessopen.ru"]
[Date "2009.02.05"]
[Round "6.32"]
[White "Polonskiy, Pavel"]
[Black "Likhoman, Mikhail"]
[Result "0-1"]
[WhiteElo "2111"]
[BlackElo "2217"]
[Annotator ""]
[Source ""]
[Remark ""]

1.d4 Nf6 2.Nf3 e6 3.c4 b6 4.g3 Ba6 5.b3 Bb4+ 6.Bd2 Be7 7.Bg2
c6 8.O-O O-O 9.Qc2 d5 10.Bg5 Nbd7 11.Nbd2 h6 12.Bxf6 Nxf6 13.Rfd1
Rc8 14.Qb2 Qd6 15.Rac1 Rfd8 16.c5 bxc5 17.dxc5 Qc7 18.Nd4 Nd7
19.Qa3 Qb7 20.e4 Bf6 21.exd5 Bxd4 22.dxc6 Rxc6 23.Ne4 e5 24.Qa4
Qb5 25.Rxd4 exd4 26.Qxd4 Qd3 27.Qa4 Re6 28.c6 Nb6 29.Qb4 Rd4
30.Qc5 Rdxe4 31.Bf1 Re1 0-1

[Event "Moscow Open 2009 B"]
[Site "www.moscowchessopen.ru"]
[Date "2009.02.05"]
[Round "6.33"]
[White "Dibrov, Ilya"]
[Black "Kulagin, Maxim"]
[Result "1/2-1/2"]
[WhiteElo "2298"]
[BlackElo "2186"]
[Annotator ""]
[Source ""]
[Remark ""]

1.e4 e6 2.c4 d5 3.cxd5 exd5 4.exd5 Qxd5 5.Nc3 Qa5 6.Bc4 Nf6 7.Qb3
Qh5 8.Nge2 Bd6 9.Nb5 O-O 10.Nxd6 cxd6 11.O-O Nc6 12.Nf4 Qf5 13.d3
b6 14.Qb5 Ne5 15.Be3 Bb7 16.Rad1 d5 17.Nxd5 Nxd5 18.Bxd5 Nf3+
19.Bxf3 Qxb5 20.Bxb7 Rad8 21.d4 Qxb2 22.Rd2 Qc3 23.Rfd1 Rd7 24.Bf3
f5 25.Bf4 Re8 26.h4 b5 27.d5 h6 28.d6 a5 29.h5 b4 30.Bd5+ Kh8
31.g3 a4 32.Kg2 Qc5 33.Bf3 Rb8 34.Rd5 Qc4 35.R5d2 Qc5 36.Rb2
b3 37.axb3 Rxb3 38.Rc1 Qxc1 39.Bxc1 Rxb2 40.Bxb2 Rxd6 41.Be5
Rd2 42.Bf4 Rd8 43.Bc7 Rd7 44.Be5 a3 45.Bc6 Rd3 46.Bb7 a2 47.Bc8
Rd5 48.Bb2 f4 49.g4 Rd2 50.Be5 Rd1 51.Kf3 a1Q 52.Bxa1 Rxa1 53.Kxf4
Kg8 54.Be6+ Kf8 55.Ke5 Ke7 56.Bd5 Re1+ 1/2-1/2

[Event "Moscow Open 2009 B"]
[Site "www.moscowchessopen.ru"]
[Date "2009.02.05"]
[Round "6.34"]
[White "Kleiman, B"]
[Black "Trofimovsky, Alexander"]
[Result "1-0"]
[WhiteElo "2295"]
[BlackElo "2186"]
[Annotator ""]
[Source ""]
[Remark ""]

1.d4 c5 2.d5 e5 3.e4 d6 4.Bb5+ Nd7 5.a4 Ngf6 6.Nc3 Be7 7.Nf3
O-O 8.O-O Ne8 9.Ne2 g6 10.Nd2 f5 11.exf5 gxf5 12.f4 Nef6 13.fxe5
Nxe5 14.Nf4 Ng6 15.Nf3 Ne4 16.Bc4 Nxf4 17.Bxf4 Bf6 18.c3 Bd7
19.Qc2 Qe8 20.Nd2 Nxd2 21.Qxd2 Be5 22.Rae1 Bxf4 23.Qxf4 Qg6 24.Re3
Kh8 25.Bb5 Bxb5 26.axb5 Rf6 27.Re7 Rg8 28.g3 Rg7 29.Rfe1 h6 30.R7e6
Rgf7 31.Qxd6 f4 32.Rxf6 Rxf6 33.Qb8+ Kg7 34.Re7+ Rf7 35.Qe5+
Kh7 36.Rxf7+ Qxf7 37.gxf4 Qg6+ 38.Kf2 Qd3 39.d6 1-0

[Event "Moscow Open 2009 B"]
[Site "www.moscowchessopen.ru"]
[Date "2009.02.05"]
[Round "6.35"]
[White "Kavalenia, Leonid"]
[Black "Klimovets, Kirill"]
[Result "1/2-1/2"]
[WhiteElo "2295"]
[BlackElo "2183"]
[Annotator ""]
[Source ""]
[Remark ""]

1.d4 Nf6 2.Bg5 c5 3.dxc5 Qa5+ 4.c3 Qxc5 5.Nf3 Nc6 6.Nbd2 d6 7.e4
h6 8.Be3 Qa5 9.Bc4 e6 10.O-O Be7 11.b4 Qc7 12.h3 O-O 13.Bb3 d5
14.exd5 Nxd5 15.Bxd5 exd5 16.Qb3 Be6 17.Nd4 Nxd4 18.Bxd4 Qf4
19.Nf3 Bxh3 20.Qxd5 Rad8 21.Qe5 Qxe5 22.Nxe5 Be6 23.Bxa7 Ra8
24.Bd4 Bxa2 25.Nd7 Rfd8 26.Nb6 Ra6 27.b5 Ra3 28.Rfe1 Be6 29.Rxa3
Bxa3 30.Ra1 Bd6 31.Ra7 Rb8 32.c4 Bc7 33.Na8 Bd8 34.c5 Bd5 35.Be5
Rc8 36.Bd6 Kh7 37.Kh2 Kg6 38.c6 bxc6 39.b6 c5 40.Nc7 Bc6 41.b7
Rb8 42.Ne6 Rxb7 43.Rxb7 Bxb7 44.Nxd8 Bd5 45.Bxc5 Kf6 46.Bd6 g5
47.Kg3 Kg6 48.f3 f5 49.f4 Kf6 50.Kf2 Kg6 51.Be5 Kh5 52.g3 Kg4
53.Ke3 h5 54.Kd4 Bb3 55.fxg5 Kxg5 56.Ke3 Ba2 57.Bd6 Kg4 58.Nc6
h4 59.gxh4 Kxh4 1/2-1/2

[Event "Moscow Open 2009 B"]
[Site "www.moscowchessopen.ru"]
[Date "2009.02.05"]
[Round "6.36"]
[White "Mukhin, Viktor"]
[Black "Kuznesov, Andrei"]
[Result "0-1"]
[WhiteElo "2164"]
[BlackElo "2286"]
[Annotator ""]
[Source ""]
[Remark ""]

1.e4 e5 2.Nf3 Nc6 3.Nc3 Nf6 4.Bb5 Nd4 5.Ba4 Bc5 6.d3 O-O 7.Bg5
h6 8.Bxf6 Qxf6 9.Nxd4 Bxd4 10.O-O c6 11.Qd2 d6 12.Bb3 Qg5 13.Qxg5
hxg5 14.Nd1 g6 15.c3 Bb6 16.Kh1 Kg7 17.Ne3 f5 18.Nc4 Bc7 19.f3
b5 20.Ne3 Bb6 21.Nc2 f4 22.d4 g4 23.dxe5 dxe5 24.Nb4 g3 25.Rfd1
Rh8 26.h3 Bxh3 27.gxh3 Rxh3+ 28.Kg2 Rh2+ 29.Kf1 g2+ 0-1

[Event "Moscow Open 2009 B"]
[Site "www.moscowchessopen.ru"]
[Date "2009.02.05"]
[Round "6.37"]
[White "Grigoriev, Semyon"]
[Black "Bronnikov, Konstantin"]
[Result "0-1"]
[WhiteElo "2161"]
[BlackElo "2285"]
[Annotator ""]
[Source ""]
[Remark ""]

1.d4 d5 2.c4 e6 3.Nc3 c6 4.cxd5 exd5 5.Qc2 g6 6.Bf4 Bf5 7.Qd2
Nf6 8.Nf3 Nbd7 9.e3 Nh5 10.Bg3 Nxg3 11.hxg3 Bd6 12.Nh4 Be6 13.Bd3
Nf6 14.Qc2 Qe7 15.O-O-O Bc7 16.Kb1 O-O-O 17.Nf3 Bg4 18.Rc1 Bxf3
19.gxf3 h5 20.Na4 Bd6 21.e4 Bc7 22.e5 Nd7 23.f4 Kb8 24.Qb3 Bb6
25.Nxb6 Nxb6 26.a4 Qe6 27.a5 Nc4 28.Bxc4 dxc4 29.Qxc4 Qxc4 30.Rxc4
a6 31.b4 Kc7 32.Kc2 Kd7 33.Kd3 Ke6 34.Ke4 f5+ 35.Ke3 Rh7 36.f3
Rdh8 37.Rh4 Rd7 38.Kd3 Rhd8 39.g4 Rh8 40.Rc1 Rdh7 41.gxf5+ Kxf5
42.Rg1 Rh6 43.Rg5+ Ke6 44.Ke4 Rf8 45.Rh1 Rf5 46.Rg2 h4 47.Rhg1
Kf7 48.e6+ Kxe6 49.Rxg6+ Rf6 50.f5+ Ke7 51.Rg7+ Rf7 52.Rxf7+
Kxf7 53.Rh1 h3 54.Rh2 Kf6 55.Kf4 Rh4+ 56.Kg3 Rxd4 57.Rxh3 Rxb4
58.Rh5 c5 59.Rh6+ Kg5 60.Rd6 Rd4 61.Rb6 Rd7 62.f6 Kg6 63.Kf4
c4 64.Ke5 c3 65.Rb1 Kf7 66.Rg1 c2 67.Rc1 Rc7 68.Kd4 Kxf6 69.Kd3
Rc5 70.Rxc2 Rxa5 71.Rc3 Kf5 72.Rb3 b5 73.Kd4 Ra4+ 74.Kc5 Ke5
75.Re3+ Kf5 76.Rb3 Kf4 77.Rd3 Kg3 78.Rb3 Kh4 79.Re3 Kg5 80.Rb3
Kf5 81.Rd3 b4 82.Rd5+ Ke6 83.Rd6+ Ke7 84.Rb6 a5 85.f4 Ra3 86.Kd4
b3 87.Ke5 a4 88.Rb7+ Kd8 89.f5 Ra1 90.f6 Re1+ 91.Kd4 Ke8 92.f7+
Kf8 93.Kc3 a3 94.Rb8+ Kxf7 95.Rb7+ Ke8 0-1

[Event "Moscow Open 2009 B"]
[Site "www.moscowchessopen.ru"]
[Date "2009.02.05"]
[Round "6.38"]
[White "Erzhanov, Arman"]
[Black "Mamaev, Evgeniy"]
[Result "1-0"]
[WhiteElo "2273"]
[BlackElo "2179"]
[Annotator ""]
[Source ""]
[Remark ""]

1.e4 c5 2.Nf3 d6 3.Bb5+ Bd7 4.Bxd7+ Qxd7 5.O-O Nf6 6.Re1 Nc6
7.c3 e6 8.d4 cxd4 9.cxd4 d5 10.e5 Ne4 11.Nbd2 Nxd2 12.Bxd2 Be7
13.Rc1 O-O 14.Rc3 Rfc8 15.a3 Nd8 16.Rd3 Qb5 17.Bc3 Rc7 18.h4
Rac8 19.Ree3 h6 20.Nh2 Qe8 21.Qh5 Nc6 22.Rg3 Kh7 23.Rxg7+ Kxg7
24.Rg3+ Kh7 25.Ng4 Qf8 26.Bd2 Nxd4 27.Nxh6 Ne2+ 28.Qxe2 Rc1+
29.Kh2 R1c4 30.Nf5 1-0

[Event "Moscow Open 2009 B"]
[Site "www.moscowchessopen.ru"]
[Date "2009.02.05"]
[Round "6.40"]
[White "Selensky, A"]
[Black "Musaev, Mansur"]
[Result "1/2-1/2"]
[WhiteElo "2146"]
[BlackElo "2266"]
[Annotator ""]
[Source ""]
[Remark ""]

1.d4 d5 2.c4 c6 3.Nc3 Nf6 4.Nf3 e6 5.Bg5 Be7 6.Qc2 Nbd7 7.e3
O-O 8.Bd3 dxc4 9.Bxc4 b5 10.Bd3 Bb7 11.Ne5 h6 12.Nxd7 Nxd7 13.Bf4
a6 14.O-O c5 15.Rfd1 Qb6 16.Qe2 Nf6 17.Be5 Rac8 18.dxc5 Qxc5
19.Bd4 Qg5 20.f4 Qh4 21.g3 Qh3 22.Bxf6 Bxf6 23.Be4 Bxe4 24.Nxe4
Qf5 25.Nxf6+ Qxf6 26.Rac1 e5 27.Rf1 Rfe8 28.Rxc8 Rxc8 29.fxe5
Qxe5 30.Qf2 Qe6 31.a3 h5 32.Qf4 g6 33.Rd1 Rc4 34.Qf2 Kg7 35.Qd2
h4 36.b3 Re4 37.Qc3+ f6 38.Rd8 h3 39.Qc7+ Kh6 40.Rh8+ Kg5 41.Qh7
Qg4 42.Qh6+ Kf5 43.Kf2 Re7 44.Qxh3 Qxh3 45.Rxh3 Rc7 46.Rh8 Rc3
47.Ra8 Rxb3 48.Rxa6 g5 49.h3 b4 50.axb4 Rxb4 51.Kf3 Rb3 52.g4+
Ke5 53.Ra5+ Ke6 54.h4 gxh4 55.Rh5 Rb4 56.Rxh4 Ra4 57.Rh6 Kf7
58.e4 Rb4 59.Kf4 Rb1 60.Rh7+ Ke6 1/2-1/2

[Event "Moscow Open 2009 B"]
[Site "www.moscowchessopen.ru"]
[Date "2009.02.05"]
[Round "6.41"]
[White "Kruchev, Boris"]
[Black "Murzin, Lenar"]
[Result "0-1"]
[WhiteElo "2263"]
[BlackElo "2175"]
[Annotator ""]
[Source ""]
[Remark ""]

1.e4 c5 2.Nf3 e6 3.d4 cxd4 4.Nxd4 Nc6 5.Nc3 Qc7 6.Be3 Nf6 7.f3
a6 8.Qd2 Ne5 9.O-O-O b5 10.g4 h6 11.Kb1 Bb7 12.h4 b4 13.Na4 d5
14.exd5 Nxd5 15.Be2 Nxe3 16.Qxe3 Be7 17.g5 h5 18.g6 Nxg6 19.Rhg1
Qe5 20.Qd2 Rd8 21.c3 bxc3 22.bxc3 Nf4 23.Bc4 O-O 24.Bb3 Bf6 25.Nb2
Nd5 26.Bxd5 Qxd5 27.Qh6 g6 28.Rxg6+ fxg6 29.Qxg6+ Bg7 30.Rg1
Rd7 31.Rg5 Qd6 32.Nxe6 Bxf3 33.Rg1 Rb8 34.Ka1 Bg4 35.Re1 Bxe6 0-1

[Event "Moscow Open 2009 B"]
[Site "www.moscowchessopen.ru"]
[Date "2009.02.05"]
[Round "6.42"]
[White "Savitskiy, Sergey"]
[Black "Shcherbin, Matvei"]
[Result "1/2-1/2"]
[WhiteElo "2143"]
[BlackElo "2262"]
[Annotator ""]
[Source ""]
[Remark ""]

1.e4 g6 2.Nc3 Bg7 3.d4 c6 4.f4 d5 5.e5 h5 6.Nf3 Nh6 7.Bd3 Bg4
8.h3 Bxf3 9.Qxf3 Nf5 10.Bxf5 gxf5 11.g4 Qd7 12.gxh5 Na6 13.Be3
O-O-O 14.O-O-O Nc7 15.Rhg1 Ne6 16.Ne2 Bh6 17.Kb1 Kb8 18.Rg3 b6
19.Bc1 Qb7 20.Qd3 Ng7 21.Rdg1 Rh7 22.Qf3 Qc8 1/2-1/2

[Event "Moscow Open 2009 B"]
[Site "www.moscowchessopen.ru"]
[Date "2009.02.05"]
[Round "6.43"]
[White "Khatoev, Eduard"]
[Black "Koshevoy, Sergey"]
[Result "1-0"]
[WhiteElo "2120"]
[BlackElo "2260"]
[Annotator ""]
[Source ""]
[Remark ""]

1.d4 d5 2.Nf3 Nf6 3.e3 c6 4.c4 Bf5 5.cxd5 cxd5 6.Nc3 e6 7.Ne5
Nfd7 8.Qb3 Qb6 9.Bb5 Bd6 10.Nxd7 Nxd7 11.Bd2 Ke7 12.Na4 Qd8 13.Bb4
Bxb4+ 14.Qxb4+ Kf6 15.Qd6 Qa5+ 16.Nc3 Rac8 17.b4 Qa3 18.Nxd5+
Kg6 19.Qg3+ 1-0

[Event "Moscow Open 2009 B"]
[Site "www.moscowchessopen.ru"]
[Date "2009.02.05"]
[Round "6.44"]
[White "Muromtsev, Arthur"]
[Black "Drogilov, Alexander"]
[Result "1/2-1/2"]
[WhiteElo "2259"]
[BlackElo "2166"]
[Annotator ""]
[Source ""]
[Remark ""]

1.e4 c5 2.Nf3 e6 3.d4 cxd4 4.Nxd4 Nf6 5.Nc3 Nc6 6.Be2 Qc7 7.O-O
a6 8.Kh1 b5 9.Nxc6 dxc6 10.f4 b4 11.e5 bxc3 12.exf6 gxf6 13.bxc3
f5 14.Qd4 Rg8 15.Bf3 c5 16.Qc4 Rb8 17.Be3 Bb7 18.Qa4+ Qd7 19.Qb3
Bd6 20.Rab1 Bc8 21.Qxb8 Bxb8 22.Rxb8 Qc7 23.Rfb1 Kd7 24.R1b6
Rd8 25.R8b7 Bxb7 26.Rxb7 Rc8 27.Rxc7+ Rxc7 28.Kg1 Kd6 29.Kf2
f6 30.Be2 Rc6 31.a4 Rb6 32.Bc4 Rb2 33.Bb3 c4 34.Bxc4 Rxc2+ 35.Kf3
a5 36.Bd3 Rxc3 37.Ke2 Kd5 38.Bd2 Ra3 39.Bb5 Ra2 40.Kd3 Kc5 41.h3
e5 42.Bd7 e4+ 43.Ke3 Ra3+ 44.Ke2 Kd4 45.Bxa5 Ra2+ 46.Kf1 Ke3
47.Bxf5 Rxa4 48.Bb6+ Kxf4 49.Bxh7 Ra1+ 50.Kf2 Ra2+ 51.Kf1 Ra1+ 1/2-1/2

[Event "Moscow Open 2009 B"]
[Site "www.moscowchessopen.ru"]
[Date "2009.02.05"]
[Round "6.45"]
[White "Petukhov, Yury"]
[Black "Kasyanov, Aysen"]
[Result "0-1"]
[WhiteElo "2098"]
[BlackElo "2257"]
[Annotator ""]
[Source ""]
[Remark ""]

1.d4 Nf6 2.c4 e6 3.Nc3 d5 4.cxd5 exd5 5.Bg5 Nbd7 6.e3 Be7 7.Bd3
c5 8.Nf3 b6 9.O-O Bb7 10.Rc1 O-O 11.dxc5 Nxc5 12.Be2 Rc8 13.Bf4
Nfe4 14.Be5 Bf6 15.Bd4 Ne6 16.Bxf6 Qxf6 17.Qb3 d4 18.Nd5 Bxd5
19.Qxd5 N4c5 20.Qe5 Qxe5 21.Nxe5 dxe3 22.fxe3 f6 23.Nc4 Ng5 24.h4
Nf7 25.b4 Ne4 26.Bg4 Rcd8 27.Rf4 Rfe8 28.Rc2 g5 29.hxg5 fxg5
30.Rf1 Nh6 31.Bh5 Re7 32.Bf3 Ng3 33.Re1 Rd3 34.Rd2 Rc3 35.Kf2
Ne4+ 36.Bxe4 Rxe4 37.Rd8+ Kg7 38.Nd6 Re7 39.Kf3 Kg6 40.g4 Rd3
41.Nf5 Rxd8 42.Nxe7+ Kf6 43.Nc6 Rd7 44.Rh1 Nf7 45.Rf1 Ke6 46.Nd4+
Kd5 47.Ke2 Kc4 48.a3 Kc3 49.Rf5 Rb7 50.Nc6 Kb3 51.b5 Kxa3 52.Rd5
Kb3 53.Kd3 Rc7 54.Nd4+ Kb4 55.Nc6+ Kb3 56.Nd4+ Kb2 57.e4 Rc5
58.Nc6 Kb3 59.Kd4 Rc4+ 60.Kd3 Rc3+ 61.Kd4 Rc4+ 62.Kd3 a5 63.e5
Nxe5+ 64.Nxe5 Rb4 65.Nc6 Rxg4 66.Nd4+ Kb2 67.Rd6 a4 68.Rxb6 a3
69.Ra6 Rg3+ 70.Kd2 a2 0-1

[Event "Moscow Open 2009 B"]
[Site "www.moscowchessopen.ru"]
[Date "2009.02.05"]
[Round "6.46"]
[White "Matveev, Mikhail"]
[Black "Mosionzhik, Ilya"]
[Result "1-0"]
[WhiteElo "2245"]
[BlackElo "2162"]
[Annotator ""]
[Source ""]
[Remark ""]

1.e4 d5 2.exd5 Qxd5 3.Nc3 Qa5 4.d4 c6 5.Nf3 Bg4 6.h3 Bxf3 7.Qxf3
e6 8.Bd2 Nd7 9.O-O-O Ngf6 10.g4 Nd5 11.Kb1 Nxc3+ 12.Bxc3 Bb4
13.d5 Bxc3 14.dxc6 bxc6 15.Qxc6 O-O 16.Qxc3 Qxc3 17.bxc3 Nb6
18.Rg1 Rfc8 19.Rg3 Kf8 20.Rd4 Rc5 21.Kb2 Ke7 22.a4 Rb8 23.Ka3
f6 24.Rf3 e5 25.Rb4 Rd8 26.Rb5 Rc7 27.Kb3 Rd1 28.Bd3 h6 29.a5
Nd7 30.c4 Nc5+ 31.Kc3 Kf7 32.Re3 g6 33.Be2 Rd4 34.f3 Rf4 35.Bd3
Rd4 36.Kb4 Na6+ 37.Kc3 g5 38.Re4 Rd8 39.Re1 Nc5 40.h4 gxh4 41.Bf5
Rd4 42.Rh1 Nb7 43.Bd3 a6 44.Rb4 Nxa5 45.Ra4 Nb7 46.Rxa6 Nd6 47.Rxh4
Kg7 48.Rxd6 Rxd6 49.Rh1 Ra6 50.Rb1 Ra3+ 51.Rb3 Ra1 52.Kb4 Kf7
53.Kb5 Ke7 54.Be4 Rd1 55.c5 Rc8 56.Kb6 Kd8 57.c6 Rb8+ 58.Kc5
Rxb3 59.cxb3 Kc7 60.Bd5 Ra1 61.b4 Ra8 62.b5 Rb8 63.Bc4 f5 64.gxf5
h5 65.f6 h4 66.Bf1 Rb6 67.f7 Rb8 68.b6+ 1-0

[Event "Moscow Open 2009 B"]
[Site "www.moscowchessopen.ru"]
[Date "2009.02.05"]
[Round "6.47"]
[White "Zhdanov, Vladimir"]
[Black "Gansvind, Valeriya I"]
[Result "1-0"]
[WhiteElo "2025"]
[BlackElo "2244"]
[Annotator ""]
[Source ""]
[Remark ""]

1.Nf3 g6 2.g3 Bg7 3.Bg2 d6 4.O-O Nf6 5.c4 O-O 6.Nc3 c6 7.d3 Qa5
8.h3 d5 9.a3 dxc4 10.dxc4 Na6 11.Bd2 Qc5 12.b3 Rd8 13.Qc1 e5
14.Ra2 Re8 15.Be3 Qe7 16.Rd1 Nd7 17.b4 Nf8 18.Ne4 Ne6 19.Nd6
Rf8 20.Rad2 Nac7 21.a4 Nd4 22.Nxd4 exd4 23.Bxd4 Bxd4 24.Rxd4
Ne6 25.Rh4 h5 26.Qc3 Rd8 27.c5 a5 28.bxa5 Qc7 29.Rd3 Qxa5 30.Qf6
Qc7 31.Nxf7 Qxf7 32.Rxd8+ Nxd8 33.Qxd8+ Qf8 34.Qd4 Qg7 35.Qd6
Bf5 36.e4 Bd7 37.Rf4 Rxa4 38.Qb8+ Kh7 39.Qxb7 Be8 40.Qb8 Qe7
41.Qd6 Qg7 42.e5 Ra7 43.e6 Ra1+ 44.Kh2 Re1 45.Bxc6 g5 46.Rb4
Qf6 47.Qd3+ Kh6 48.Qf3 Qxf3 49.Bxf3 Rxe6 50.Rb6 Bf7 51.Rxe6+
Bxe6 52.Bb7 Kg7 53.h4 gxh4 54.gxh4 Kf6 55.Kg3 Ke5 56.Kf3 Kd4
57.c6 Bd5+ 58.Kf4 Be4 59.Ba8 Bd5 60.c7 Be6 61.Bb7 Kd3 62.c8Q
Bxc8 63.Bxc8 Ke2 64.Kg3 1-0

[Event "Moscow Open 2009 B"]
[Site "www.moscowchessopen.ru"]
[Date "2009.02.05"]
[Round "6.48"]
[White "Shabanov, Nurlan Mammad Oglu"]
[Black "Zernyshkin, Vladislav"]
[Result "1/2-1/2"]
[WhiteElo "1825"]
[BlackElo "2242"]
[Annotator ""]
[Source ""]
[Remark ""]

1.d4 e6 2.c4 Nf6 3.Nc3 Bb4 4.g3 O-O 5.Bg2 d5 6.Nf3 c6 7.Qb3 Bd6
8.O-O Nbd7 9.Re1 b6 10.Nd2 Bb7 11.e4 dxe4 12.Ndxe4 Bc7 13.Bg5
h6 14.Bd2 Qc8 15.Nxf6+ Nxf6 16.Ne4 Nxe4 17.Bxe4 Rd8 18.Be3 Bd6
19.Rad1 Qc7 20.a3 Rac8 21.Qc2 c5 22.d5 exd5 23.Bxd5 Bxd5 24.Rxd5
Be5 25.Red1 Rxd5 26.Rxd5 Rd8 27.Rxd8+ Qxd8 28.Kg2 Qa8+ 29.f3
h5 30.b3 g6 31.Qe4 Qxe4 32.fxe4 Kf8 33.Bf4 Bxf4 34.gxf4 f6 35.h4 1/2-1/2

[Event "Moscow Open 2009 B"]
[Site "www.moscowchessopen.ru"]
[Date "2009.02.05"]
[Round "6.49"]
[White "Gharagyozian, Artur"]
[Black "Repkin, Alexander"]
[Result "0-1"]
[WhiteElo "2233"]
[BlackElo "2098"]
[Annotator ""]
[Source ""]
[Remark ""]

1.e4 e6 2.Qe2 c5 3.Nf3 Nc6 4.g3 d6 5.Bg2 g6 6.O-O Bg7 7.c3 Nge7
8.Na3 O-O 9.Nc2 b6 10.d4 Bb7 11.Rd1 Qc8 12.Bf4 Rd8 13.d5 Ne5
14.Nxe5 dxe5 15.Bg5 f6 16.Bh3 Rd6 17.Be3 f5 18.Bg5 Qf8 19.c4
exd5 20.exd5 Re8 21.a3 Nc8 22.Be3 Rdd8 23.b4 Ba6 24.Rac1 Bh6
25.Bf1 f4 26.Bd2 Nd6 27.Na1 cxb4 28.axb4 Rc8 29.b5 Bb7 30.Bh3
Nf5 31.Nc2 Rcd8 32.Ra1 Bc8 33.Bg2 fxg3 34.hxg3 Bxd2 35.Rxd2 Qg7
36.Nb4 e4 37.Rda2 e3 38.Nc6 Rd7 39.Ra3 Rf7 40.Rd1 exf2+ 41.Qxf2
Nd6 42.Rf3 Rxf3 43.Qxf3 Rf8 44.Qd3 Bf5 45.Qd4 Re8 46.Qxg7+ Kxg7
47.Bf1 Re3 48.Kh2 Ra3 49.Re1 Be4 50.Re2 h5 51.Rf2 Ra1 52.Ne5
Bf5 53.Bh3 Be4 54.Bg2 Bf5 55.Bh3 Ra4 56.Bxf5 gxf5 57.Rc2 Kf6
58.Nd7+ Ke7 59.Ne5 Ne4 60.Nd3 Ra3 61.Nf2 Nxg3 62.Rc1 Ne4 63.Nxe4
fxe4 64.Re1 e3 65.Kg3 Kd6 66.Kf3 Rc3 67.Rh1 Rxc4 68.Rxh5 Rc3
69.Rh1 Kxd5 70.Ra1 Kc5 0-1

[Event "Moscow Open 2009 B"]
[Site "www.moscowchessopen.ru"]
[Date "2009.02.05"]
[Round "6.50"]
[White "Korovin, Alexander"]
[Black "Pogosian, Georgy"]
[Result "0-1"]
[WhiteElo "1400"]
[BlackElo "2219"]
[Annotator ""]
[Source ""]
[Remark ""]

1.g4 d5 2.Bg2 Nc6 3.h3 e6 4.d4 g6 5.Bf4 Bg7 6.c3 Nf6 7.Nd2 O-O
8.Ngf3 b6 9.O-O Bb7 10.Qc2 Ne7 11.Rad1 Nc8 12.Bg5 Nd6 13.Bh4
c5 14.e3 Qc8 15.Ne5 Nfe4 16.f3 Nxd2 17.Qxd2 f6 18.Nd3 Bh6 19.Qf2
Rf7 20.Rfe1 c4 21.Nc1 f5 22.g5 Bf8 23.Bg3 b5 24.Be5 a5 25.Qg3
Rd7 26.Ne2 Nf7 27.e4 Nxe5 28.dxe5 dxe4 29.Rxd7 Qxd7 30.fxe4 Bc5+
31.Kh2 Bxe4 32.Bxe4 fxe4 33.Nf4 Rf8 34.Rxe4 Qd2+ 35.Qg2 Qc1 36.Qg4
Rf5 37.h4 Be3 38.Ne2 Qd2 39.Kh3 Qd3 40.Ng3 Bf2 0-1

[Event "Moscow Open 2009 B"]
[Site "www.moscowchessopen.ru"]
[Date "2009.02.05"]
[Round "6.51"]
[White "Shuvalov, Evgenij"]
[Black "Mayorov, Vasili"]
[Result "1-0"]
[WhiteElo "2213"]
[BlackElo "2074"]
[Annotator ""]
[Source ""]
[Remark ""]

1.Nf3 Nf6 2.c4 c5 3.Nc3 d5 4.cxd5 Nxd5 5.d4 cxd4 6.Qxd4 Nxc3
7.Qxc3 Nc6 8.e4 e6 9.Bb5 Bd7 10.O-O Qb6 11.Be2 Qc5 12.Bd2 Qxc3
13.Bxc3 f6 14.e5 f5 15.a3 Bc5 16.b4 Bb6 17.b5 Ne7 18.Bb4 Nd5
19.Bd2 Rc8 20.Rfc1 O-O 21.Bc4 Rc5 22.a4 Rfc8 23.Bb3 Nc3 24.Bxc3
Rxc3 25.Rxc3 Rxc3 26.Rb1 h6 27.Kf1 Kf7 28.Nd2 Rc5 29.Nc4 Bc7
30.f4 g5 31.g3 Ke7 32.Rd1 b6 33.Kf2 Bc8 34.Rd3 a6 35.Nd6 Bxd6
36.exd6+ Kd7 37.bxa6 Ra5 38.Bc4 Bxa6 39.Bxe6+ Kd8 40.Rb3 Bc8
41.d7 Bxd7 42.Rd3 Ra7 43.Bxf5 gxf4 44.gxf4 Rxa4 45.Rxd7+ Ke8
46.Kg3 Ra5 47.Be6 Ra3+ 48.Kg4 1-0

[Event "Moscow Open 2009 B"]
[Site "www.moscowchessopen.ru"]
[Date "2009.02.05"]
[Round "6.52"]
[White "Pankratov, Oleg"]
[Black "Demidov, Alexandr"]
[Result "0-1"]
[WhiteElo "1400"]
[BlackElo "2209"]
[Annotator ""]
[Source ""]
[Remark ""]

1.d4 d5 2.Nf3 e6 3.c4 Nf6 4.Nc3 Nbd7 5.Bg5 Bb4 6.cxd5 exd5 7.e3
c5 8.Qc2 Qa5 9.Bd3 c4 10.Bf5 O-O 11.O-O Re8 12.Bh4 g6 13.Bxf6
Nxf6 14.Bxc8 Raxc8 15.Ne5 Bxc3 16.bxc3 Ne4 17.Rfc1 f6 18.Nf3
Rb8 19.Rab1 b5 20.Nd2 Nd6 21.a3 Rb7 22.Re1 f5 23.h3 Qc7 24.a4
Reb8 25.axb5 Rxb5 26.f3 Rxb1 27.Rxb1 a5 28.e4 Rxb1+ 29.Qxb1 Qb7
30.Qa2 fxe4 31.fxe4 dxe4 32.Qxa5 e3 33.Nf3 Ne4 34.Qa2 Qd5 35.Qb2
Kg7 36.Qb4 Qf7 37.Qa5 Qf4 38.Qa2 Nd2 39.Qa8 Qg3 40.Qb7+ Kh6 41.Ne5
e2 42.Ng4+ Qxg4 43.hxg4 e1Q+ 44.Kh2 Nf1+ 45.Kg1 Ne3+ 46.Kh2 Nxg4+
47.Kh3 Nf2+ 48.Kh2 Qxc3 49.Qd7 Qe3 50.Qc8 c3 51.Qf8+ Kh5 52.g4+
Nxg4+ 0-1